000 00831nam a2200253Ia 4500
003 OSt
005 20220918171025.0
006 a|||||r|||| 00| 0
007 ta
008 220917b |||||||| |||| 00| 0 eng d
020 _a9781137554499 (hbk)
_cUKP 65.00
024 _a317,376
037 _bBBS/33, 23/02/2017, Better Book Services
_cTextual
040 _aARTS
_cARTS
_beng
041 _2eng
_aeng
082 _a4.6, Q6
100 _aMutsvairo Bruce Ed.
_933235
245 0 _aParticipatory politics and citizen journalism in a networked Africa
_b a connected continent
260 _aNew York
_bPalgrave Macmillan USA
_c2016
300 _axvi,291p.
_ccm.
650 _aJOUNRALISM
_93876
942 _h4.6, Q6
_cTEXL
_2CC
999 _c137349
_d137349